000 01532nam a22003253i 4500
001 EBC7290817
003 MiAaPQ
005 20240521115317.0
007 cr cnu||||||||
008 240521s2023 xx o ||||0 ger d
020 _a9783406807688
_q(electronic bk.)
020 _z9783406807695
040 _aMiAaPQ
_beng
_cMiAaPQ
100 1 _aNassehi, Armin.
_922144
245 1 0 _aGesellschaftliche Grundbegriffe :
_bEin Glossar der öffentlichen Rede.
250 _a1st ed.
264 1 _aMünchen :
_bC.H. Beck,
_c2023.
264 4 _c{copy}2023.
300 _a1 online resource (400 pages)
336 _aText
_btxt
_2rdacontent
337 _aComputermedien
_bc
_2rdamedia
338 _aOnline Resource
_bcr
_2rdacarrier
500 _aE-Book-ProQuest / Fernzugriff nach Registrierung möglich
505 0 _aCover -- Titel -- Impressum -- Inhaltsverzeichnis -- Vorwort -- Einleitung -- Demokratie -- Freiheit -- Fremdheit -- der Fremde -- Gesellschaft -- Gleichheit/Ungleichheit -- Handeln -- Identität -- Kommunikation -- Konflikt -- Krise -- Kritik -- Kultur -- Lebenswelt -- Macht -- Natur -- Öffentlichkeit -- Populismus -- Technik -- Wissen -- Anmerkungen -- Register -- Zum Buch.
655 _aFernzugriff
_9230
655 4 _aElectronic books.
776 0 8 _iPrint version:
_aNassehi, Armin
_tGesellschaftliche Grundbegriffe
_dMünchen : C.H. Beck,c2023
_z9783406807695
856 4 0 _uhttps://ebookcentral.proquest.com/lib/maxweberstiftung-ebooks/detail.action?docID=7290817
_zVolltext
942 _cEB
999 _c71145
_d71145